Máme na viac ako dosahujeme

Bibliographic Details
Main Author: Blcháč, Ján, 1925-1993 (Author)
Format: Article
Language:Slovak
Subjects:

MARC

LEADER 00000nab a2200000 a 4500
001 vtls000182184
003 SK-MaSNL
005 20260303183712.0
008 111104c1984 xo 0 slo
015 |a SNBRB19rr/mm-uuuuu 
035 |a CL0192297 
040 |a SNKBUCL  |b slo  |c SNKBUCL  |e AACR2 
041 0 |a slo 
044 |a xo  |c SK 
080 |a 631.115.6  |2 1981 
100 1 |a Blcháč, Ján,  |d 1925-1993  |4 aut  |9 232927 
245 1 0 |a Máme na viac ako dosahujeme  |c Ján Blcháč 
650 0 7 |a družstvá roľnícke  |2 snkbucl  |9 881518 
655 7 |a články z novín a časopisov  |2 snkbucl  |9 267496 
773 0 |t Pravda  |g Roč. 65, č. 109 (10. 5. 1984), s. 1 
850 |a Slovenská národná knižnica v Martine  |a MTA001 
852 |a SNK  |b KIS3GCP 
958 |a RK 
992 |a RBX 
999 |c 2122521  |d 2124451